| 000 | 00850nam a2200301Ia 4500 | ||
|---|---|---|---|
| 001 | Z_6307 | ||
| 003 | CHAP | ||
| 008 | 220113s1994 xx 000 0 und d | ||
| 010 | _a169549 | ||
| 020 | _a968-884-286-9 | ||
| 040 | _cCHAP | ||
| 082 | _a630.0182 M37 | ||
| 100 |
_aMartinez Garza, Angel _972079 |
||
| 245 |
_aExperimentacion agricola : metodos estadisticos / _cAngel Martinez Garza |
||
| 260 |
_aMéxico : _bUniversidad Autonoma de Chapingo, _c1994 |
||
| 300 | _a357 p. | ||
| 503 | _aej.1: s/n \ ej.2: s/n \ ej.3: s/n | ||
| 504 | _aIncluye bibliografía | ||
| 650 |
_aAgricultura _x _x Experimentacion _x _x Metodos estadisticos _9140621 |
||
| 650 |
_aMuestreo estadístico _979288 |
||
| 650 |
_aProbabilidades _991687 |
||
| 901 | _a630.0182 M37 | ||
| 902 | _aM | ||
| 910 | _a1994 | ||
| 942 | _c1 | ||
| 942 | _cc1 | ||
| 999 |
_c169549 _d169549 |
||